004470000a22001210004500090001700000245007100017041001400088700004400102100003700146942001300183773011200196999001700308 aASbSeriadas10aNueva especie del género Miconia () en Colombia0 aEspañol1 aMorales Puentes, María Eugenia9268691 aLozano Contreras, Gustavo920520 cARTICULO1 tRevista de la Academia Colombiana de Ciencias Exactas, Fisicas y Naturales332hSupl. Esp.q85-87d1999g23 c14176d14176